| 000 | 01150nam a22003618i 4500 | ||
|---|---|---|---|
| 999 |
_c2865 _d2865 |
||
| 001 | 023237143 | ||
| 003 | UkOxU | ||
| 005 | 20230828152846.0 | ||
| 008 | 210118s2021 enk 000|0|eng|d | ||
| 015 |
_aGBC105895 _2bnb |
||
| 016 | 7 |
_a020081786 _2Uk |
|
| 020 | _a9781108963824 (pbk.) : | ||
| 035 | _a(Uk)020081786 | ||
| 035 | _a(StEdALDL)1/4008041 | ||
| 040 |
_aStDuBDS _beng _erda _cStDuBDS _dKH8 |
||
| 049 | _aCROBAR | ||
| 082 | 0 | 4 |
_a372.6521044 MAB _223 |
| 100 | 1 |
_aMabbott, Nicola, _eauthor. |
|
| 245 | 1 | 0 |
_aCambridge global English. _n5, _pTeacher's resource / _cNicola Mabbott with Helen Tiliouine, Kathryn Harper. |
| 250 | _aSecond edition. | ||
| 263 | _a202103 | ||
| 264 | 1 |
_aCambridge : _bCambridge University Press, _c2021. |
|
| 300 |
_a1 volume ; _c30 cm |
||
| 336 |
_atext _2rdacontent |
||
| 337 |
_aunmediated _2rdamedia |
||
| 338 |
_avolume _2rdacarrier |
||
| 500 | _aIncludes digital access. | ||
| 650 | 0 |
_aEnglish language _xStudy and teaching (Elementary) _xForeign speakers. |
|
| 650 | 0 | _aSecond language acquisition. | |
| 700 | 1 |
_aTiliouine, Helen, _eauthor. |
|
| 700 | 1 | 0 |
_aHarper, Kathryn, _eauthor. |
| 942 |
_2ddc _cTR |
||